000 00629nam a2200193Ii 4500
003 JO-AjNU
008 230605s9999||||xx |||||||||||||| ||und||
040 _aJO-AjNU
_bara
_erda
_cJO-AjNU
041 _aara
050 1 4 _aK54.A22 1995
100 3 _aكرم، عبد الواحد,
_eauthor
_946910
245 0 0 _aمعجم مصطلحات الشريعة والقانون (عربي - فرنسي - إنجليزي)
264 3 1 _aد.م: د.ن، 1995
300 _a564ص
336 _atext
_btxt
_2rdacontent
337 _aunmediated
_bn
_2rdamedia
338 _avolume
_bnc
_2rdacarrier
650 4 _aقانون - المعاجم
_946911
999 _aA20441
_c24009
_d24009